000 01186nam a22003617a 4500
001 0024366
003 KOHA_MİRAKIL
005 20260207002437.0
007 ta
008 101112b2003 tu |||gr||||#||||0|tur |
020 _a9755913904
_c12,51
040 _aTR-BiSEU
_btur
_cTR-BiSEU
_erda
041 0 _atur
044 _ctu
050 _aGV706.7
_b.S24 2003
100 1 _aŞahin, H. Murat.
245 1 _aSporda şiddet ve saldırganlık/
_cH. Murat Şahin ; H. Murat Şahin.
264 1 _aAnkara :
_bNobel Yayınları
_c2003
300 _a417 sayfa: grafik, tablo; 23 cm.
336 _ametin
_btxt
_2rdacontent
337 _aaracısız
_bn
_2rdamedia
338 _acilt
_bnc
_2rdacarrier
490 1 _aNobel yayın ;
_vno: 411.
490 1 _aSağlık spor dizi ;
_vno: 40.
490 1 _aGaziantepspor Kulübü Spor Eğitim yayınları ;
_vyayın no: 5
500 _aKaynakça var.
650 0 _aViolence in sports.
_949772
650 0 _aŞiddet, sporda.
_949773
830 1 _aNobel yayın ;
_vno: 411.
_91510
830 1 _aSağlık spor dizi ;
_vno: 40.
_949774
830 1 _aGaziantepspor Kulübü Spor Eğitim yayınları ;
_vyayın no: 5
_949775
942 _2lcc
_cBK
999 _c24318
_d24318